Normal view MARC view

Entry Personal Name

Number of records used in: 1

001 - CONTROL NUMBER

  • control field: 56408

003 - CONTROL NUMBER IDENTIFIER

  • control field: OSt

005 - DATE AND TIME OF LATEST TRANSACTION

  • control field: 20250826145338.0

008 - FIXED-LENGTH DATA ELEMENTS

  • fixed length control field: 250826|| aca||aabn | a|a d

040 ## - CATALOGING SOURCE

  • Original cataloging agency: OSt
  • Transcribing agency: OSt

100 ## - HEADING--PERSONAL NAME

  • Personal name: Rao, Ritu Kansal, Arun and Tarannum, Fawzia

670 ## - SOURCE DATA FOUND

  • Source citation: Work cat.: (OSt)527158: Rao, Ritu Kansal, Arun and Tarannum, Fawzia , Role of stakeholders in sustainable management of an urban waterbody and wetland

Powered by Koha